000 01226nam a22002897a 4500
003 dpl
005 20180827132754.0
008 180703b xxu||||| |||| 00| 0 eng d
010 _aB-116592
020 _c195.00
_a8126706260
035 _aB-116592 ,B-116596
037 _bCen Lib/Ret
040 _aDPL
_bHN
_c0
082 _a
_bकक्कड़
100 _aकक्कड़, सुधीर
_974640
245 _aआनन्द-वर्षा /
_cसुधीर कक्कड़ ; अनुवादक कल्पना वर्मा
246 _aAnand-varsha /
_bby Sudheer Kakkad ; anuvadak Kalpana Verma
260 _aनई दिल्ली
_bराजकमल प्रकाशन
_c2003
270 _a1-बी, नेताजी सुभाष मार्ग,
_bनई दिल्ली
_e110002
300 _a163पृ.
_c21सेमी(सजिल्द)
650 _aहिन्दी साहित्य
_974641
650 _aहिन्दी -- उपन्यास
_974642
650 _aHindi literature
_974643
650 _aHindi -- Fiction
_927248
700 _aवर्मा, कल्पना
_974644
942 _2ddc
_cHN
_h
_mकक्कड़
999 _c117444
_d117444